[Event "Allauch op 4th"]
[Site "Allauch"]
[Date "2022.08.24"]
[Round "4"]
[White "Barnaud, Cedric"]
[Black "Kostenjuk, Kristina"]
[Result "0-1"]
[WhiteElo "1350"]
[BlackElo "1298"]
[PlyCount "92"]
[EventDate "2022.08.22"]
[EventType "swiss"]
[EventRounds "9"]
[EventCountry "FRA"]
[SourceTitle "CBM 210 Extra"]
[Source "ChessBase"]
[SourceDate "2022.11.30"]
[SourceVersion "1"]
[SourceVersionDate "2022.11.30"]
[SourceQuality "1"]

1. c4 f5 2. Nc3 Nf6 3. g3 e6 4. Bg2 d5 5. d4 c6 6. cxd5 exd5 7. Nf3 Bd6 8. 0-0 0-0 9. a3 Bd7 10. Bd2 Be8 11. Rc1 Bh5 12. b4 Bxf3 13. exf3 Nbd7 14. Na4 Nb6 15. Nc5 Bxc5 16. bxc5 Nc4 17. a4 b6 18. cxb6 axb6 19. Re1 Re8 20. Bf1 Nxd2 21. Qxd2 Qd6 22. Qc2 Rxe1 23. Rxe1 g6 24. Rc1 Rc8 25. Qb2 Nd7 26. Rc3 c5 27. Qb5 c4 28. Bg2 Qc6 29. f4 Qxb5 30. axb5 Nf6 31. Kf1 Ne4 32. Bxe4 fxe4 33. Ke2 Ra8 34. Rc2 Ra5 35. Rb2 Kf7 36. h4 Ke6 37. g4 h5 38. f3 exf3+ 39. Kxf3 Ra3+ 40. Kg2 hxg4 41. Re2+ Kf5 42. Re5+ Kxf4 43. Rxd5 c3 44. Rd6 c2 45. Rc6 Ra2 46. Kf1 Ra1+ 0-1